| 000 | 00754nam a22001937a 4500 | ||
|---|---|---|---|
| 999 |
_c8493 _d8493 |
||
| 003 | GBCCL | ||
| 005 | 20241126110652.0 | ||
| 008 | 210226b ||||| |||| 00| 0 eng d | ||
| 020 | _a080062582X (alk. paper) : | ||
| 040 | _cGBC | ||
| 082 |
_a222.1106 _bWES |
||
| 100 |
_aWestermann, Claus. _912019 |
||
| 245 |
_aGenesis : _ban introduction / _cClaus Westermann ; translated by John J. Scullion. |
||
| 260 |
_aMinneapolis : _bFortress Press, _cc1992. |
||
| 300 |
_aviii, 278 p. ; _b23 cm. |
||
| 505 | _a"First published in English as the introductions to Genesis 1-11 (1984), Genesis 12-36 (1985), Genesis 37-50 (1986) by Augsburg Fortress Publishers"--T.p. verso. | ||
| 650 |
_aBible. _vGenesis _xCriticism, interpretation, etc. _99298 |
||
| 942 |
_2ddc _cBK _04 |
||